Nghiên cứu quá trình Isomer hóa n-pentane + n-hexane trên các xúc tác paladi và plantin : Luận văn thạc sĩ chuyên ngành hóa lý thuyết và hóa lý
Nghiên cứu điều chế và xử lý các chất mang: Y-Al2O3,Zeolite,điều chế các xúc tác PT có tỉ lệ tối ưu, nghiên cứu tính chất lý-hóa của các hóa chất...
Na minha lista:
| Autor principal: | |
|---|---|
| Formato: | Livro |
| Idioma: | Undetermined |
| Publicado em: |
Cần Thơ
Trường Đại học Cần Thơ
2012
|
| Assuntos: | |
| Tags: |
Adicionar Tag
Sem tags, seja o primeiro a adicionar uma tag!
|
| Thư viện lưu trữ: | Trung tâm Học liệu Trường Đại học Cần Thơ |
|---|
| LEADER | 01078nam a2200217Ia 4500 | ||
|---|---|---|---|
| 001 | CTU_175357 | ||
| 008 | 210402s9999 xx 000 0 und d | ||
| 082 | |a 541.395 | ||
| 082 | |b H556 | ||
| 088 | |a 60440119 | ||
| 100 | |a Giảng, Thành Hưng | ||
| 245 | 0 | |a Nghiên cứu quá trình Isomer hóa n-pentane + n-hexane trên các xúc tác paladi và plantin : | |
| 245 | 0 | |b Luận văn thạc sĩ chuyên ngành hóa lý thuyết và hóa lý | |
| 245 | 0 | |c Giảng Thành Hưng ; Lưu Cẩm Lộc (Hướng dẫn khoa học) | |
| 260 | |a Cần Thơ | ||
| 260 | |b Trường Đại học Cần Thơ | ||
| 260 | |c 2012 | ||
| 520 | |a Nghiên cứu điều chế và xử lý các chất mang: Y-Al2O3,Zeolite,điều chế các xúc tác PT có tỉ lệ tối ưu, nghiên cứu tính chất lý-hóa của các hóa chất... | ||
| 650 | |a Chemistry, Physical and theoretical,Lý thuyết hóa lý | ||
| 904 | |i mai,Hải | ||
| 980 | |a Trung tâm Học liệu Trường Đại học Cần Thơ | ||